Movies Quiz

Random Movies or Oscar Quiz

Oscar Nominees (2012) Quiz Stats

 Plays Quiz not verified by Sporcle

Also try: Parting Shots V
Challenge
Share
Tweet
Embed
Score 0/97 Timer 10:00
0 Plays Today
Hint Answer % Correct
PictureARGO
98.8%
PictureSilver Linings Playbook
98.8%
Supporting ActorRobert De Niro, Silver Linings Playbook
98.8%
Adapted ScreenplaySilver Linings Playbook
98.8%
Adapted ScreenplayARGO
98.8%
Original ScoreArgo
98.8%
Film EditingARGO
98.8%
Film EditingSilver Linings Playbook
98.8%
Sound MixingArgo
98.8%
Sound EditingArgo
98.8%
PictureLincoln
98.4%
ActorBradley Cooper, Silver Linings Playbook
98.4%
ActressJENNIFER LAWRENCE, SILVER LININGS PLAYBOOK
98.4%
Adapted ScreenplayLincoln
98.4%
Production DesignLINCOLN
98.4%
CinematographyLincoln
98.4%
Costume DesignLincoln
98.4%
Original ScoreLincoln
98.4%
Film EditingLincoln
98.4%
Sound MixingLincoln
98.4%
ActorDANIEL DAY LEWIS, LINCOLN
98%
DirectorSteven Spielberg, Lincoln
97.6%
DirectorDavid O. Russell, Silver Linings Playbook
97.2%
Supporting ActressSally Field, Lincoln
97.2%
Supporting ActorTommy Lee Jones, Lincoln
96.3%
PictureLes Miserables
95.5%
PictureLife of Pi
95.5%
Supporting ActressANNE HATHAWAY, LES MISERABLES
95.5%
Adapted ScreenplayLife of Pi
95.5%
Production DesignLes Miserables
95.5%
Production DesignLife of Pi
95.5%
CinematographyLIFE OF PI
95.5%
Costume DesignLes Miserables
95.5%
Hint Answer % Correct
Makeup and HairstylingLES MISERABLES
95.5%
Original ScoreLIFE OF PI
95.5%
Original SongLes Miserables, 'Suddenly'
95.5%
Original SongLife of Pi, 'Pi's Lullaby'
95.5%
Film EditingLife of Pi
95.5%
Sound MixingLES MISERABLES
95.5%
Sound MixingLife of Pi
95.5%
Sound EditingLife of Pi
95.5%
Visual EffectsLIFE OF PI
95.5%
PictureDjango Unchained
95.1%
DirectorANG LEE, LIFE OF PI
95.1%
ActorHugh Jackman, Les Miserables
95.1%
Supporting ActorCHRISTOPH WALTZ, DJANGO UNCHAINED
95.1%
Original ScreenplayDJANGO UNCHAINED
95.1%
CinematographyDjango Unchained
95.1%
Sound EditingDjango Unchained
95.1%
Supporting ActressJacki Weaver, Silver Linings Playbook
93.9%
Supporting ActorAlan Arkin, Argo
93.5%
Supporting ActorPhilip Seymour Hoffman, The Master
92.7%
Supporting ActressAmy Adams, The Master
92.3%
PictureBeasts of the Southern Wild
91.5%
PictureZero Dark Thirty
91.5%
Original ScreenplayZero Dark Thirty
91.5%
Adapted ScreenplayBeasts of the Southern Wild
91.5%
Film EditingZero Dark Thirty
91.5%
Sound EditingZERO DARK THIRTY
91.5%
ActorJoaquin Phoenix, The Master
90.7%
ActressJessica Chastain, Zero Dark Thirty
90.7%
PictureAmour
89.8%
ActressQuvenzhane Wallis, Beasts of the Southern Wild
89.8%
Original ScreenplayAmour
89.8%
ActressEmmanuelle Riva, Amour
89%
DirectorMichael Haneke, Amour
83.3%
Hint Answer % Correct
DirectorBenh Zeitlin, Beasts of the Southern Wild
82.9%
ActorDenzel Washington, Flight
80.9%
Supporting ActressHelen Hunt, The Sessions
80.9%
Original ScreenplayFlight
80.9%
Animated FeatureBRAVE
80.9%
CinematographySkyfall
79.7%
Original ScoreSkyfall
79.7%
Original SongSKYFALL, 'Skyfall'
79.7%
Sound MixingSkyfall
79.7%
Sound EditingSKYFALL
79.7%
ActressNaomi Watts, The Impossible
77.2%
Production DesignAnna Karenina
74.4%
CinematographyAnna Karenina
74.4%
Costume DesignANNA KARENINA
74.4%
Original ScoreAnna Karenina
74.4%
Original ScreenplayMoonrise Kingdom
69.1%
Visual EffectsThe Avengers
68.3%
Animated FeatureWreck-It Ralph
67.9%
Animated FeatureParaNorman
65%
Animated FeatureFrankenweenie
61.8%
Production DesignThe Hobbit: An Unexpected Journey
60.2%
Costume DesignSnow White and the Huntsman
60.2%
Makeup and HairstylingThe Hobbit: An Unexpected Journey
60.2%
Original SongTed, 'Everybody Needs a Best Friend'
60.2%
Visual EffectsThe Hobbit: An Unexpected Journey
60.2%
Visual EffectsSnow White and the Huntsman
60.2%
Visual EffectsPrometheus
56.5%
Costume DesignMirror, Mirror
54.5%
Original SongChasing Ice, 'Before My Time'
52%
Makeup and HairstylingHitchcock
51.6%
Animated FeatureThe Pirates! Band of Misfits
48.4%

You're not logged in!

Compare scores with friends on all Sporcle quizzes.
Join for Free
OR
Log In

You Might Also Like...

Show Comments

Extras

Created Jul 27, 2016ReportNominate
Tags:Oscar Quiz, Academy Awards

Top Quizzes Today


Score Distribution

Your Account Isn't Verified!

In order to create a playlist on Sporcle, you need to verify the email address you used during registration. Go to your Sporcle Settings to finish the process.

Report this User

Report this user for behavior that violates our Community Guidelines.

Details: